El subdesarrollo latinoamericano y la teoría del desarrollo /

সংরক্ষণ করুন:
গ্রন্থ-পঞ্জীর বিবরন
প্রধান লেখক: Sunkel, Osvaldo
অন্যান্য লেখক: Paz, Pedro
বিন্যাস: পাঠ‍্য
প্রকাশিত: México D.F.: Siglo Veintiuno
সংস্করন:9
ট্যাগগুলো: ট্যাগ যুক্ত করুন
কোনো ট্যাগ নেই, প্রথমজন হিসাবে ট্যাগ করুন!

MARC

LEADER 00000 a a2200000 04500
001 24658
003
040 |a CRAI/IIS  |c CRAI/IIS 
090 |a 169900  
100 |a Sunkel, Osvaldo  
245 |a El subdesarrollo latinoamericano y la teoría del desarrollo /  |c Osvaldo Sunkel 
250 |a 9  
260 |a México D.F.:   |b Siglo Veintiuno  
300 |a 385 p.   |b **no definido**   |b fonodiscos  
700 |a Paz, Pedro  
999 |c 13932  |d 13932